| 000 | 00805nam a2200229Ia 4500 | ||
|---|---|---|---|
| 005 | 20250108125026.0 | ||
| 008 | 008 250107s9999 xx 000 0 hin d | ||
| 020 | _a978-93-87286-11-5 | ||
| 037 | _aTB | ||
| 040 |
_aCRL _bhin _cCRL |
||
| 041 |
_ahin _2hin |
||
| 084 | _aY22216 Q9 | ||
| 084 | _qCRL | ||
| 100 |
_aव, उषा, ले. _9730288 |
||
| 245 | 0 |
_aहॉं - हॉं, ऑंचल में है दूध ....: उपन्यास _cव, उषा, ले. |
|
| 260 |
_aदिल्ली, भारत _bहेमाद्रि प्रकाशन _c3060 |
||
| 300 | _a112पृ0 | ||
| 365 |
_aINR _b475 |
||
| 650 |
_aहिन्दी कहानीहिन्दी साहित्य _9729733 |
||
| 942 |
_cTB _hY22216 Q9 |
||
| 999 |
_c1235448 _d1235448 |
||